Normal view
MARC view
- Daisie D. Boettner, Margaret B. Bailey
Entry Corporate Name
001 - CONTROL NUMBER
- control field: 124738
003 - CONTROL NUMBER IDENTIFIER
- control field: NUST
005 - DATE AND TIME OF LATEST TRANSACTION
- control field: 20240722172525.0
008 - FIXED-LENGTH DATA ELEMENTS
- fixed length control field: 240722|| aca||aabn | a|a d
040 ## - CATALOGING SOURCE
- Original cataloging agency: NUST
- Transcribing agency: NUST
110 ## - HEADING--CORPORATE NAME
- Corporate name or jurisdiction name as entry element: Daisie D. Boettner, Margaret B. Bailey
670 ## - SOURCE DATA FOUND
- Source citation: Work cat.: (NUST): Michael J. Moran, Howard N. Shapiro 124737, Principles of Engineering Thermodynamics, 2012.
